[Event "13th Master Open"]
[Site "Voronezh RUS"]
[Date "2009.06.18"]
[Round "7"]
[White "Kokarev,Dm"]
[Black "Panarin,M"]
[Result "1-0"]
[WhiteElo "2603"]
[BlackElo "2516"]

1.e4 c5 2.Nf3 Nc6 3.d4 cxd4 4.Nxd4 Qc7 5.Nc3 e6 6.Be3 a6 7.Qd2 Nf6 8.f3 Ne5
9.O-O-O b5 10.Kb1 Bb7 11.g4 h6 12.Rg1 b4 13.Na4 d5 14.exd5 Nxd5 15.f4 Nc4
16.Bxc4 Qxc4 17.f5 e5 18.f6 exd4 19.Bxd4 gxf6 20.Rge1+ Be7 21.Bc5 O-O 22.Bxe7 Rfe8
23.b3 Qb5 24.Bc5 Nc3+ 25.Nxc3 Qxc5 26.Na4 Qg5 27.Qxb4 Bf3 28.Rc1 Re5 29.Qc3 Be2
30.Qd4 Rae8 31.Nc3 Bf3 32.Rf1 Re3 33.Na4 Qe5 34.Qd2 Qg5 35.Nb2 Bxg4 36.Rg1 h5
37.Qd6 R8e6 38.Qb8+ Kg7 39.Nd3 Re8 40.Qa7 Rh3 41.Rg2 Re2 42.Rxe2 Bxe2 43.Rg1 Bg4
44.Qxa6 Rxh2 45.Qc6 Qe3 46.Rf1 f5 47.Qc3+ Kg8 48.Qf6 Qd2 49.Qd8+ Kg7 50.Qc7 Bd1
51.Rg1+ Kh6 52.Nb4 Bg4 53.Nd5 Re2 54.Qd6+ Kg7 55.Qf6+ Kg8 56.Ne7+ Kf8 57.Rc1 Re1
58.Ng6+ Ke8 59.Qh8+ Kd7 60.Nf8+ Kc7 61.Rxe1 Qxe1+ 62.Kb2 Qe4 63.Nh7 Qd5  1-0

[Event "13th Master Open"]
[Site "Voronezh RUS"]
[Date "2009.06.18"]
[Round "7"]
[White "Demianjuk,A"]
[Black "Gabrielian,A"]
[Result "0-1"]
[WhiteElo "2330"]
[BlackElo "2462"]

1.e4 c5 2.Nf3 Nc6 3.d4 cxd4 4.Nxd4 Qb6 5.Nb3 Nf6 6.Nc3 e6 7.Bd3 Be7 8.Be3 Qc7
9.f4 d6 10.Qf3 a6 11.O-O O-O 12.Kh1 b5 13.a4 b4 14.Nd1 Bb7 15.a5 Rac8 16.Qe2 Ra8
17.Bb6 Qb8 18.Bg1 Re8 19.Qe1 e5 20.fxe5 Nxe5 21.Qxb4 d5 22.Nc5 Bxc5 23.Qxc5 dxe4
24.Be2 Rc8 25.Qa3 Rxc2 26.Nc3 e3 27.Bxe3 Ne4 28.Qc5 Nxc3 29.Qxc3 Rxb2 30.Ra4  0-1

[Event "13th Master Open"]
[Site "Voronezh RUS"]
[Date "2009.06.20"]
[Round "9"]
[White "Bajarani,U"]
[Black "Tseshkovsky,V"]
[Result "1-0"]
[WhiteElo "2331"]
[BlackElo "2554"]

1.e4 c5 2.Nf3 Nc6 3.d4 cxd4 4.Nxd4 Qb6 5.Nb3 Nf6 6.Nc3 e6 7.Bd3 Be7 8.O-O d6
9.Be3 Qc7 10.f4 Bd7 11.Qe2 Rc8 12.Rae1 Qb8 13.Bf2 O-O 14.e5 Nd5 15.Nxd5 exd5
16.Nd4 dxe5 17.fxe5 g6 18.e6 Nxd4 19.Bxd4 Bxe6 20.Qe3 g5 21.Bxh7+ Kxh7 22.Qd3+ Kh6
23.Rxe6+ fxe6 24.Qh3+ Kg6 25.Qxe6+ Rf6 26.Rxf6+ Bxf6 27.Qxf6+ Kh5 28.Qf7+  1-0

[Event "Open"]
[Site "Albena BUL"]
[Date "2009.06.24"]
[Round "5"]
[White "Videnova,I"]
[Black "Ivanov,Jo"]
[Result "1/2-1/2"]
[WhiteElo "2160"]
[BlackElo "2435"]

1.e4 c5 2.Nf3 Nc6 3.d4 cxd4 4.Nxd4 Qb6 5.Nb3 Nf6 6.Nc3 e6 7.Qe2 Bb4 8.Bd2 O-O
9.a3 Bxc3 10.Bxc3 e5 11.O-O-O a5 12.g4 a4 13.g5 Ng4 14.Qxg4 axb3 15.Qg3 bxc2
16.Kxc2 d6 17.Bc4 Be6 18.Bxe6 fxe6 19.Rhf1 Ra4 20.f4 Rxe4 21.fxe5 Rxf1 22.Rxf1 dxe5
23.g6 Nd4+ 24.Kb1 Nf5 25.gxh7+ Kxh7 26.Qh3+ Kg8 27.Qh5 Qe3 28.Ka1 Qh6 29.Qe8+ Kh7
30.Qb5 Ne3 31.Qxb7 Nd5 32.Bb4 Rf4 33.Rg1 e4 34.Bd6 Rf5 35.Bc5 Qf6 36.Rg3 Rf3
37.Rg4 Rf4 38.Rg3 Rh4 39.h3 Rf4 40.Qb3 Rf3 41.Rxf3 exf3 42.Qd3+ Kg8 43.Bf2 Kf7
44.Qe4 Qf5 45.Qd4 Qxh3 46.a4 g5 47.a5 g4 48.Qa7+ Kg6 49.Bd4 g3 50.Qg7+ Kf5
51.Qe5+ Kg6 52.Qg7+ Kf5  1/2-1/2

[Event "Petr Izmailov Mem"]
[Site "Tomsk RUS"]
[Date "2009.06.24"]
[Round "1"]
[White "Batukhtin,A"]
[Black "Smirnov,P"]
[Result "0-1"]
[WhiteElo "2114"]
[BlackElo "2575"]

1.e4 c5 2.Nf3 Nc6 3.d4 cxd4 4.Nxd4 Qb6 5.Nb3 Nf6 6.Nc3 e6 7.Be3 Qc7 8.a3 a6
9.Be2 b5 10.O-O Bb7 11.f4 d6 12.Qe1 Be7 13.Qg3 O-O 14.Nd4 Rfe8 15.Rac1 Nxd4
16.Bxd4 e5 17.Be3 Nxe4 18.Nxe4 Bxe4 19.c4 exf4 20.Rxf4 d5 21.cxd5 Qe5 22.Rxf7 Qxb2
23.Rf8+ Bxf8 24.Bh5 g6 25.Rd1 Bd6 26.Bd4 Qxd4+ 27.Rxd4 Bxg3 28.Bg4 Bd6 29.Be6+ Rxe6  0-1

[Event "8th Open"]
[Site "La Fere FRA"]
[Date "2009.07.06"]
[Round "4"]
[White "Louis,A"]
[Black "Videnova,I"]
[Result "0-1"]
[WhiteElo "1862"]
[BlackElo "2197"]

1.e4 c5 2.Nf3 Nc6 3.d4 cxd4 4.Nxd4 Qb6 5.Nb3 Nf6 6.Be3 Qc7 7.Nc3 e6 8.a3 a6
9.Be2 b5 10.f3 Be7 11.O-O O-O 12.Qe1 d5 13.exd5 Nxd5 14.Nxd5 exd5 15.Qf2 Bd6
16.f4 Re8 17.Bd3 Ne7 18.Bb6 Qb8 19.Rae1 Be6 20.Bc5 g6 21.Bxd6 Qxd6 22.Nd4 Bf5
23.Bxf5 Nxf5 24.Nxf5 gxf5 25.Re5 Rxe5 26.Qg3+ Qg6 27.Qxg6+ fxg6 28.fxe5 Kf7
29.Kf2 Rc8 30.c3 Ke6 31.Re1 Rc4 32.Re3 Rf4+ 33.Kg1 Re4 34.Rh3 h5 35.Rg3 Kf7
36.e6+ Rxe6 37.Rd3 Re5 38.Rd4 Ke6 39.a4 Re4 40.Rxe4+ fxe4 41.Kf2 bxa4 42.Ke3 Ke5
43.h4 a5 44.g3 d4+ 45.cxd4+ Kd5  0-1

[Event "ch-SUI"]
[Site "Graechen SUI"]
[Date "2009.07.11"]
[Round "3"]
[White "Jenni,F"]
[Black "Simon,Ra"]
[Result "1-0"]
[WhiteElo "2513"]
[BlackElo "2165"]

1.e4 c5 2.Nf3 Nc6 3.d4 cxd4 4.Nxd4 Qb6 5.Nb3 Nf6 6.Nc3 e6 7.Bd3 d6 8.Qe2 Be7
9.g4 a6 10.g5 Nd7 11.h4 Nb4 12.f4 Nc5 13.Be3 Ncxd3+ 14.cxd3 Nc2+ 15.Kd2 Nxe3
16.Qxe3 Qxe3+ 17.Kxe3 Bd8 18.a4 Bb6+ 19.d4 Bd7 20.Kd3 O-O-O 21.Nd2 d5 22.e5 Kb8
23.a5 Ba7 24.b4 Rc8 25.Nb3 Rc4 26.Nc5 Be8 27.Rab1 h6 28.h5 hxg5 29.fxg5 f6
30.exf6 gxf6 31.gxf6 Rf8 32.Rbf1 Rxb4 33.Nxe6 Rf7 34.Rhg1 Bd7 35.Rg8+ Bc8
36.Nxd5  1-0

[Event "ch-SUI"]
[Site "Graechen SUI"]
[Date "2009.07.12"]
[Round "4"]
[White "Misiano,F"]
[Black "Vilaseca,L"]
[Result "1-0"]
[WhiteElo "2281"]
[BlackElo "2140"]

1.e4 c5 2.Nf3 Nc6 3.d4 cxd4 4.Nxd4 Qb6 5.Nb3 Nf6 6.Nc3 e6 7.Be3 Qc7 8.Bd3 a6
9.f4 d6 10.Qf3 Be7 11.O-O O-O 12.Rae1 Bd7 13.g4 g6 14.Qg3 b5 15.e5 Ne8 16.Ne4 dxe5
17.f5 Qd8 18.Rd1 Nf6 19.Bh6 Re8 20.fxg6 hxg6 21.Qf3  1-0

[Event "Corporation Centre Cup"]
[Site "Izhevsk RUS"]
[Date "2009.07.15"]
[Round "1"]
[White "Ermolaev,E"]
[Black "Abashev,A"]
[Result "1/2-1/2"]
[WhiteElo "1870"]
[BlackElo "2256"]

1.e4 c5 2.Nf3 Nc6 3.d4 cxd4 4.Nxd4 Qb6 5.Nb3 Nf6 6.Nc3 e6 7.Be3 Qc7 8.f3 a6
9.Qd2 b5 10.Bf4 Ne5 11.O-O-O Rb8 12.Ne2 d6 13.Qa5 Qxa5 14.Nxa5 Bd7 15.Nd4 Rc8
16.Ndb3 Nc4 17.Nxc4 bxc4 18.Nd2 d5 19.Be5 Bc6 20.exd5 Bxd5 21.Bxf6 gxf6 22.Ne4 Bh6+
23.Kb1 Bxe4 24.fxe4 Be3 25.Rd6 Rg8 26.g3 Ke7 27.Rxa6 Rgd8 28.Be2 Rd2 29.Bh5 Rb8
30.Ra3 Bd4 31.b3 cxb3 32.axb3 Rc8 33.Ra2 Rc3 34.Rd1 Rxd1+ 35.Bxd1 Bg1 36.Bh5 Bxh2
37.Ra7+ Kd6 38.Rxf7 Ke5 39.Rxh7 Bxg3 40.Bg4 Kxe4 41.Bxe6 f5 42.Bc4 f4 43.Re7+ Kd4
44.Rd7+ Ke3 45.Kb2 Rxc4 46.bxc4 f3 47.Re7+ Kd2 48.Rf7 f2 49.c5 Ke2 50.Kb3 f1=Q
51.Rxf1 Kxf1 52.Kb4 Ke2 53.c4 Kd3 54.Kb5 Kd4 55.c6 Bd6 56.c5 Bc7  1/2-1/2

[Event "Open"]
[Site "Rethymno GRE"]
[Date "2009.07.15"]
[Round "5"]
[White "Karabalis,H"]
[Black "Haznedaroglu,K"]
[Result "0-1"]
[WhiteElo "2263"]
[BlackElo "2468"]

1.e4 c5 2.Nf3 Nc6 3.d4 cxd4 4.Nxd4 Qb6 5.Nb3 Nf6 6.Nc3 e6 7.Bd3 a6 8.Be3 Qc7
9.f4 d6 10.Qf3 Be7 11.O-O O-O 12.g4 b5 13.g5 Nd7 14.Nd4 Bb7 15.Qh3 Nxd4 16.Bxd4 e5
17.Nd5 Bxd5 18.exd5 g6 19.Qh6 f5 20.gxf6 Bxf6 21.Be3 exf4 22.Rxf4 Bg7 23.Qh3 Rxf4
24.Bxf4 Re8 25.Qg2 Ne5 26.Be4 Nc4 27.Rf1 Nxb2 28.h4 Qe7 29.Bf3 Bd4+ 30.Kh1 Qxh4+
31.Bh2 Be5 32.Kg1 Nc4 33.Bxe5 Rxe5 34.Qh2 Qxh2+ 35.Kxh2 Nd2  0-1

[Event "Open"]
[Site "Rethymno GRE"]
[Date "2009.07.16"]
[Round "6"]
[White "Brinck Claussen,B"]
[Black "Haznedaroglu,K"]
[Result "0-1"]
[WhiteElo "2314"]
[BlackElo "2468"]

1.e4 c5 2.Nf3 Nc6 3.d4 cxd4 4.Nxd4 Qb6 5.Nb3 Nf6 6.Nc3 e6 7.Bd3 a6 8.O-O Be7
9.Be3 Qc7 10.f4 d6 11.Qf3 O-O 12.Rae1 Nb4 13.Qg3 Bd7 14.f5 Kh8 15.Kh1 b5
16.Bg5 Rae8 17.Qh4 Nxd3 18.cxd3 exf5 19.Nd4 b4 20.Nce2 Ng8 21.Bxe7 Rxe7 22.exf5 Nf6
23.g4 Qb7+ 24.Kg1 Rfe8 25.g5 Nd5 26.g6 fxg6 27.fxg6 h6 28.Rf3 Re5 29.Ref1 Qa8
30.Qf2 Rg5+ 31.Ng3 Rxg6 32.Rf8+ Kh7 33.Rxe8 Qxe8 34.Re1 Qd8 35.Qf7 Nf6  0-1

[Event "TCh Eur-Youth U18"]
[Site "Pardubice CZE"]
[Date "2009.07.17"]
[Round "2"]
[White "Kolesar,R"]
[Black "Topak,E"]
[Result "1/2-1/2"]
[WhiteElo "2011"]
[BlackElo "2005"]

1.e4 c5 2.Nf3 Nc6 3.d4 cxd4 4.Nxd4 Qb6 5.Nb3 Nf6 6.Nc3 e6 7.Be3 Qc7 8.a3 a6
9.Be2 b5 10.Bf3 Bb7 11.Nc5 Ne5 12.Nxb7 Qxb7 13.Bd4 d6 14.O-O Be7 15.Be2 Rd8
16.Qe1 Ng6 17.f3 O-O 18.Qf2 e5 19.Bb6 Rb8 20.Ba7 Ra8 21.Bb6 d5 22.exd5 Nf4
23.Be3 N6xd5 24.Nxd5 Nxd5 25.Bd3 Qc7 26.Kh1 f5 27.Qe2 Kh8 28.Rfe1 Rae8 29.c3 Bd6
30.Bg1 Re6 31.Qc2 Rh6 32.h3 Qf7 33.Bh2 f4 34.Bg1 Nf6 35.a4 Nh5 36.axb5 Ng3+
37.Kh2 axb5 38.Bxb5 e4 39.Bc6 e3 40.b4 Qe6 41.b5 e2 42.Bd4 Nf1+ 43.Kg1 Ng3
44.Kh2 Nf1+ 45.Kg1 Ng3 46.Kh2 Nf1+ 47.Rxf1 exf1=Q 48.Rxf1 Qc4 49.Re1 Bc5
50.Bxc5 Qxc5 51.c4 Rd6 52.Qe2 h6 53.Bd5 Rfd8 54.Qe5 Qf2 55.Ra1 Rg6 56.Rg1 Qd2
57.Qf5 Rf6 58.Qe5 Qf2 59.Qe7  1/2-1/2

[Event "Open"]
[Site "Rethymno GRE"]
[Date "2009.07.17"]
[Round "7"]
[White "Karabalis,H"]
[Black "Kapnisis,S"]
[Result "0-1"]
[WhiteElo "2263"]
[BlackElo "2464"]

1.e4 c5 2.Nf3 Nc6 3.d4 cxd4 4.Nxd4 Qc7 5.Nc3 e6 6.Be3 a6 7.Qd2 Nf6 8.Bf4 e5
9.Nxc6 dxc6 10.Bg5 Be7 11.f3 Be6 12.Bd3 b5 13.O-O Rd8 14.Be3 c5 15.Qf2 Nh5
16.Rfd1 O-O 17.Bf1 Nf6 18.a4 b4 19.Nd5 Bxd5 20.exd5 c4 21.Bb6 Qc8 22.Qe2 Bc5+
23.Bxc5 Qxc5+ 24.Kh1 c3 25.bxc3 Qxc3 26.Qxa6 e4 27.Qc6 Qe5 28.d6 exf3 29.Qxf3 Rxd6
30.Bd3 Rd5 31.Re1 Qc3 32.a5 g6 33.Red1 Ra8 34.a6 Ra7 35.h3 Kg7 36.Qe3 Rdd7
37.Qb6 Nd5 38.Qb8 Ne3 39.Re1 b3 40.cxb3 Rxd3 41.Qxa7 Nxg2 42.Rac1 Rxh3+ 43.Kg1 Qg3
44.Qf2 Rh1+ 45.Kxh1 Qxf2 46.Rf1 Qe2 47.a7 Qe4 48.Rc4 Qa8  0-1

[Event "13th Battle of Senta Open A"]
[Site "Senta SRB"]
[Date "2009.07.18"]
[Round "1"]
[White "Kokai,P"]
[Black "Kojovic,D"]
[Result "0-1"]
[WhiteElo "2149"]
[BlackElo "2373"]

1.e4 c5 2.Nf3 Nc6 3.d4 cxd4 4.Nxd4 Qc7 5.Be3 Nf6 6.Nc3 e6 7.Be2 a6 8.O-O Bb4
9.Nxc6 bxc6 10.Qd4 c5 11.Qc4 Bb7 12.Bf3 O-O 13.e5 Bxf3 14.exf6 d5 15.Qh4 Bxc3
16.bxc3 Be4 17.Bh6 Qe5 18.Bxg7 Rfc8 19.Qh6 Qf5 20.Rfe1 Qg4 21.Rxe4 Qxe4 22.Qd2 Rab8
23.Re1 Qf5 24.f4 Rb2 25.Re5 Qxc2 26.Qxc2 Rxc2 27.Rg5 h6 28.Rh5 Rb8 29.h3 Rb1+
30.Kh2 Rbb2 31.Rxh6 Rxg2+ 32.Kh1 Rxg7 33.fxg7 Kxg7 34.Rh5 c4  0-1

[Event "TCh Eur-Youth U18"]
[Site "Pardubice CZE"]
[Date "2009.07.20"]
[Round "5"]
[White "Mraz,Ma"]
[Black "Pecha,T"]
[Result "0-1"]
[WhiteElo "1813"]
[BlackElo "2213"]

1.e4 c5 2.Nf3 Nc6 3.d4 cxd4 4.Nxd4 Qb6 5.Nb3 Nf6 6.Nc3 e6 7.Be3 Qc7 8.Bd3 a6
9.f4 d6 10.O-O b5 11.Qf3 Bb7 12.Rae1 Be7 13.Qg3 g6 14.Nd2 h5 15.h3 O-O-O
16.Qf2 Nd7 17.a4 b4 18.Nb5 axb5 19.axb5 Ncb8 20.b6 Qc6 21.Qe2 Nc5 22.Bb5 Qxb6
23.c3 Ba6 24.Bxa6+ Nbxa6 25.Nc4 Qb7 26.cxb4 Nxb4 27.Rc1 Nbd3 28.Qxd3 Nxd3
29.Nxd6+ Kb8 30.Nxb7 Kxb7 31.Rc3 Nb4 32.Ra1 Ra8 33.Rd1 Rhd8 34.Rdc1 Rdc8
35.Rd1 Rxc3 36.bxc3 Nc6 37.Rb1+ Kc7 38.Bb6+ Kc8 39.Rd1 Ra4  0-1

[Event "Najdorf Mem Open"]
[Site "Warsaw POL"]
[Date "2009.07.21"]
[Round "4"]
[White "Maugenest,G"]
[Black "Alvarado,C"]
[Result "0-1"]
[WhiteElo "2043"]
[BlackElo "2175"]

1.e4 c5 2.Nf3 Nc6 3.d4 cxd4 4.Nxd4 Qb6 5.Nb3 Nf6 6.Nc3 e6 7.Bd3 d6 8.O-O a6
9.a4 Qc7 10.h3 b6 11.f4 Bb7 12.Qf3 Be7 13.Be3 O-O 14.Kh2 Nd7 15.g4 Nb4 16.Nd4 Bf6
17.Qg3 Bxd4 18.Bxd4 e5 19.fxe5 dxe5 20.Rf5 g6 21.Rf3 Nxd3 22.cxd3 b5 23.axb5 axb5
24.Raf1 b4 25.Nd1 Ra1 26.R3f2 Qd6 27.Be3 Qxd3 28.Bh6 Qxg3+ 29.Kxg3 Nc5 30.Bxf8 Nxe4+
31.Kh2 Nxf2 32.Rxf2 Kxf8 33.Rd2 Ke7 34.Ne3 Re1 35.Nc4 Ba6 36.Nb6 b3 37.Nd5+ Kf8
38.Nc3 Rc1 39.Rd6 Bc4 40.Rc6 Be6 41.Kg3 Kg7 42.Rb6 Rc2 43.Na4 g5 44.Rb7 Bd5
45.Rb6 Rg2+  0-1

[Event "Hanowa Generations"]
[Site "Biel SUI"]
[Date "2009.07.24"]
[Round "5"]
[White "Kudryavtsev,E"]
[Black "Kelecevic,N"]
[Result "1/2-1/2"]
[WhiteElo "2073"]
[BlackElo "2320"]

1.e4 c5 2.Nf3 Nc6 3.d4 cxd4 4.Nxd4 Qc7 5.Nc3 e6 6.Be3 a6 7.Bd3 Nxd4 8.Bxd4 Ne7
9.O-O Nc6 10.Be3 b5 11.f4 Na5 12.Kh1 Bb7 13.Bd4 Nc6 14.Be3 Na5 15.Bd4 Nc6
16.Be3  1/2-1/2

[Event "2nd Open"]
[Site "Paleohora GRE"]
[Date "2009.07.24"]
[Round "5"]
[White "Vorobiov,E"]
[Black "Haznedaroglu,K"]
[Result "1/2-1/2"]
[WhiteElo "2598"]
[BlackElo "2468"]

1.e4 c5 2.Nf3 Nc6 3.d4 cxd4 4.Nxd4 Qb6 5.Nb3 Nf6 6.Nc3 e6 7.Qe2 d6 8.Bf4 a6
9.O-O-O Qc7 10.Qd2 Ne5 11.Bg3 Be7 12.f4 Nc6 13.Kb1 O-O 14.Bd3 b5 15.e5 dxe5
16.fxe5 Nh5 17.Rde1  1/2-1/2

[Event "ZMD Open"]
[Site "Dresden GER"]
[Date "2009.07.25"]
[Round "1"]
[White "Grubauer,G"]
[Black "Rudolf,S"]
[Result "0-1"]
[WhiteElo "1805"]
[BlackElo "2162"]

1.e4 c5 2.Nf3 Nc6 3.d4 cxd4 4.Nxd4 Qc7 5.Be3 e6 6.Nd2 a6 7.Bd3 Nf6 8.O-O Ne5
9.h3 d6 10.N2f3 Ned7 11.Nb3 Be7 12.Qd2 O-O 13.Nh2 b6 14.f3 d5 15.exd5 Nxd5
16.Be4 N7f6 17.Bxd5 Nxd5 18.c3 Nxe3 19.Qxe3 Bb7 20.Kh1 Rad8 21.Rfd1 Rxd1+
22.Rxd1 Rd8 23.Rxd8+ Qxd8 24.Qe2 Bd6 25.Ng4 Bc7 26.Qd2 Qxd2 27.Nxd2 Bf4 28.Nf1 Kf8
29.Kg1 Ke7 30.Kf2 f5 31.Nge3 Bc7 32.Ke2 Kf6 33.h4 e5 34.Nd2 Ke6 35.Kd3 h5
36.Nef1 g6 37.g3 Bd8 38.Ne3 f4 39.gxf4 exf4 40.Ng2 Kf5 41.Ne4 Bxe4+ 42.fxe4+ Kg4
43.e5 Kg3 44.Nxf4 Kxf4 45.Kd4 Bxh4 46.Kd5 Bg5  0-1

[Event "ZMD Open"]
[Site "Dresden GER"]
[Date "2009.07.27"]
[Round "3"]
[White "Borgmeyer,M"]
[Black "Hera,I"]
[Result "0-1"]
[WhiteElo "2044"]
[BlackElo "2557"]

1.e4 c5 2.Nf3 Nc6 3.d4 cxd4 4.Nxd4 Qb6 5.Nb3 Nf6 6.Nc3 e6 7.Be3 Qc7 8.a3 a6
9.Bd3 Bd6 10.h3 O-O 11.O-O Bh2+ 12.Kh1 Bf4 13.Qf3 Bxe3 14.Qxe3 b5 15.Rae1 d6
16.f4 Bb7 17.Qg3 b4 18.axb4 Nxb4 19.e5 Nh5 20.Qg5 Nxd3 21.cxd3 g6 22.Nd2 Qd8
23.Qg4 dxe5 24.fxe5 Qxd3 25.Nde4 Rac8 26.Nf6+ Nxf6 27.exf6 Rc4 28.Qg5 Qxh3+
29.Kg1 Rg4  0-1

[Event "Czech Open A"]
[Site "Pardubice CZE"]
[Date "2009.07.27"]
[Round "4"]
[White "Lintchevski,D"]
[Black "Boss,I"]
[Result "1-0"]
[WhiteElo "2484"]
[BlackElo "2117"]

1.e4 c5 2.Nf3 Nc6 3.d4 cxd4 4.Nxd4 Qc7 5.Nc3 e6 6.Be2 a6 7.O-O Bd6 8.Kh1 Nxd4
9.Qxd4 Be5 10.Qe3 Nf6 11.f4 Bxc3 12.bxc3 d5 13.exd5 Nxd5 14.c4 Ne7 15.Ba3 O-O
16.Rad1 Re8 17.Bd6 Qd7 18.c5 Nf5 19.Qc3 Nxd6 20.Rxd6 Qc7 21.Rfd1 e5 22.fxe5 Be6
23.Bf3 Rac8 24.c6 bxc6 25.Rxc6 Qb8 26.a4 h6 27.h3 Bf5 28.Rdd6 Rxc6 29.Bxc6 Rc8
30.Qb3 Qa7 31.Qf3 Be6 32.Bd5 Bxd5 33.Qxd5 Qf2 34.Rd8+ Rxd8 35.Qxd8+ Kh7 36.Qd3+ g6
37.Qe4 Kg7 38.c3 h5 39.h4 Kf8 40.Qd4 Qe1+ 41.Kh2 Ke7 42.c4 a5 43.Qf4 Qb4
44.Qf6+ Ke8 45.Qc6+ Ke7 46.Qb5 Ke6 47.Qd5+ Ke7 48.Qc6 Kf8 49.e6 fxe6 50.Qxe6 Kg7
51.Qd7+ Kf6 52.Qc6+ Kf7 53.Kh3 Kg7 54.Qd7+ Kf6 55.Qc6+ Kg7 56.Kg3 Qe1+ 57.Kf3 Qxh4
58.Qc7+ Kg8 59.c5 Qxa4 60.c6 Qb3+ 61.Ke4 a4 62.Qd8+ Kh7 63.Qd7+ Kh6 64.c7 Qc2+
65.Ke5 Qc3+ 66.Ke6 Qc4+ 67.Ke7 Qc5+ 68.Kf7 Qc4+ 69.Kf8 Qc5+ 70.Kg8 Qc4+ 71.Qf7 Qc1
72.Qf8+ Kg5 73.c8=Q Qd1 74.Qfc5+ Kf4 75.Qf2+ Kg5 76.Qcc5+ Kg4 77.Qc4+ Kg5
78.Qcf4+  1-0

[Event "Centroamericano & Caribbean U20"]
[Site "Medellin COL"]
[Date "2009.07.31"]
[Round "2"]
[White "Rios,Cr"]
[Black "Bassan,R"]
[Result "1-0"]
[WhiteElo "2225"]
[BlackElo "2160"]

1.e4 c5 2.Nf3 Nc6 3.d4 cxd4 4.Nxd4 Qb6 5.Nb3 Nf6 6.Nc3 e6 7.Bd3 Be7 8.Be3 Qc7
9.f4 d6 10.O-O a6 11.a4 b6 12.Kh1 Bb7 13.Qe1 O-O 14.Qg3 d5 15.e5 Nd7 16.f5 Ncxe5
17.Bh6 Bf6 18.Rae1 Rac8 19.Bf4 Qd8 20.Bxe5 Nxe5 21.Rxe5 Bxe5 22.Qxe5 Qf6
23.Re1 Rfe8 24.Kg1 h6 25.Nd4 exf5 26.Qxf6 Rxe1+ 27.Kf2 gxf6 28.Kxe1 Re8+
29.Kf2 f4 30.Nce2 f3 31.Kxf3 h5 32.Ng3 Re5 33.Bf5 h4 34.Nge2 Kf8 35.Kg4 Ke7
36.Kxh4 Re3 37.Kg4 Kf8 38.h4 Kg7 39.h5 Kh6 40.Kf4 Re8 41.g4 a5 42.Bd3 Bc8
43.Ng3 Kg7 44.h6+ Kh8 45.Nh5 Re1 46.Nxf6 Rg1 47.Nf3 Rh1 48.Ng5 Be6 49.Nxe6 fxe6
50.g5 d4 51.Ng4 Kg8 52.g6 Kf8 53.g7+ Kf7 54.Bg6+  1-0

[Event "Arctic Chess Challenge"]
[Site "Tromso NOR"]
[Date "2009.08.03"]
[Round "3"]
[White "Skage,O"]
[Black "Zozulia,A"]
[Result "0-1"]
[WhiteElo "1966"]
[BlackElo "2341"]

1.e4 c5 2.Nf3 Nc6 3.d4 cxd4 4.Nxd4 Qb6 5.Nb3 Nf6 6.Nc3 e6 7.Be3 Qc7 8.a3 a6
9.f3 b5 10.Qd2 Ne5 11.Qf2 Rb8 12.O-O-O Be7 13.Rg1 Nc4 14.Bd4 e5 15.Ba7 Rb7
16.Bc5 d6 17.Bb4 O-O 18.Bxc4 bxc4 19.Na5 Rb8 20.Qe2 Be6 21.Nd5 Bxd5 22.exd5 c3
23.Bxc3 Rb5 24.a4 Rxa5 25.Bxa5 Qxa5 26.Qc4 Nd7 27.Rd3 Nc5 28.Ra3 Rb8 29.c3 Qb6  0-1

[Event "110th US Open"]
[Site "Indianapolis USA"]
[Date "2009.08.05"]
[Round "5"]
[White "Antal,Ge"]
[Black "Dahl,M"]
[Result "1/2-1/2"]
[WhiteElo "2479"]
[BlackElo "2088"]


1.e4 c5 2.Nf3 Nc6 3.d4 cxd4 4.Nxd4 Qc7 5.Nc3 e6 6.Be2 a6 7.O-O Nf6 8.Be3 Bb4
9.Na4 Be7 10.Nxc6 bxc6 11.Nb6 Rb8 12.Nxc8 Qxc8 13.Bd4 c5 14.Be5 Rb6 15.Qd3 Qc6
16.Bf3 d6 17.Bc3 e5 18.a4 c4 19.Qe2 O-O 20.g3 Rfb8 21.Bg2 Nd7 22.Rfd1 R6b7
23.a5 Rb5 24.Rd5 Nf6 25.Rxb5 Rxb5 26.Ra4 Rxb2 27.Rxc4 Rb1+ 28.Bf1 Qb7 29.Qd3 Bf8
30.Ra4 Nd7 31.Qd5 Qxd5 32.exd5 Nc5 33.Rc4 f5 34.Kg2 Ne4 35.Bb4 Nf6 36.Ba3 Ra1
37.Rc3 Ne4 38.Re3 f4 39.gxf4 exf4 40.Rd3 f3+ 41.Kxf3 Nd2+ 42.Rxd2 Rxa3+ 43.Ke4 Rxa5
44.c4 Kf7 45.Rb2 Ra1 46.Be2 a5 47.c5 Ra4+ 48.Ke3 dxc5 49.Rb7+ Kf6 50.Bd1 Ra1
51.Bc2 a4 52.f4 a3 53.Rb6+ Kf7 54.Rb7+ Kf6 55.Rb6+  1/2-1/2

[Event "Open"]
[Site "Kavala GRE"]
[Date "2009.08.05"]
[Round "6"]
[White "Aroshidze,L"]
[Black "Azis,A"]
[Result "1-0"]
[WhiteElo "2537"]
[BlackElo "2074"]

1.e4 c5 2.Nf3 Nc6 3.d4 cxd4 4.Nxd4 Qb6 5.Nb3 Nf6 6.Nc3 e6 7.Bd3 a6 8.g4 d6
9.Be3 Qc7 10.g5 Nd7 11.f4 b5 12.Qd2 Bb7 13.O-O-O Nc5 14.Kb1 b4 15.Ne2 a5
16.Nxc5 dxc5 17.Ng3 a4 18.Qf2 Na5 19.Bb5+ Bc6 20.Bxc6+ Qxc6 21.f5 b3 22.cxb3 axb3
23.a3 Be7 24.Rhf1 c4 25.Bd4 c3 26.Bxc3 Bxa3 27.fxe6 O-O 28.exf7+ Kh8 29.Bxg7+ Kxg7
30.Qd4+  1-0

[Event "Arctic Chess Challenge"]
[Site "Tromso NOR"]
[Date "2009.08.05"]
[Round "5"]
[White "Tofte,S"]
[Black "Wohl,A"]
[Result "1-0"]
[WhiteElo "2119"]
[BlackElo "2387"]

1.e4 c5 2.Nf3 Nc6 3.d4 cxd4 4.Nxd4 Qb6 5.Nb3 Nf6 6.Nc3 e6 7.Bd3 d6 8.Be3 Qc7
9.f4 a6 10.Qf3 b5 11.O-O Bb7 12.Qg3 h5 13.f5 e5 14.Bg5 Nb4 15.Kh1 Be7 16.a4 h4
17.Qh3 Nxd3 18.cxd3 b4 19.Nd1 d5 20.Rc1 Qb6 21.Ne3 dxe4 22.Nc4 Qd8 23.Bxf6 gxf6
24.Nba5 Bd5 25.dxe4 Bxe4 26.Rfd1 Qb8 27.Qg4 Bb7 28.Qg7 Rf8 29.Nb6 Be4 30.Nd7 Qa7
31.Qg4 Qe3 32.Re1 Qf4 33.Qxf4 exf4 34.Rxe4 Kxd7 35.Rd1+  1-0

[Event "Open"]
[Site "Kavala GRE"]
[Date "2009.08.08"]
[Round "9"]
[White "Predojevic,B"]
[Black "Markus,Rob"]
[Result "1/2-1/2"]
[WhiteElo "2644"]
[BlackElo "2587"]

1.e4 c5 2.Nf3 Nc6 3.d4 cxd4 4.Nxd4 Qb6 5.Nb3 Nf6 6.Nc3 e6 7.Bd3 a6 8.O-O Qc7
9.f4 d6 10.Qf3 b5 11.Bd2 Bb7 12.Rae1  1/2-1/2

[Event "24th Open"]
[Site "Schwarzach AUT"]
[Date "2009.08.15"]
[Round "1"]
[White "Bochis,J"]
[Black "Doric,N"]
[Result "1/2-1/2"]
[WhiteElo "2053"]
[BlackElo "2344"]

1.e4 c5 2.Nf3 Nc6 3.d4 cxd4 4.Nxd4 Qb6 5.Nb5 Nf6 6.Be3 Qd8 7.Nd2 d6 8.Be2 g6
9.c4 Bg7 10.O-O O-O 11.a3 Bd7 12.f3 Ne8 13.Rb1 a6 14.Nc3 Nd4 15.Bd3 Nc7 16.Nd5 Nxd5
17.exd5 b5 18.Nb3 Nxb3 19.Qxb3 bxc4 20.Qxc4 Qa5 21.Qa2 Rfc8 22.Bc4 Bb5 23.Rfc1 Bxc4
24.Rxc4 Rxc4 25.Qxc4 Qb5 26.Qxb5 axb5 27.Kf2 f5 28.Ke2 Kf7 29.Kd3 Ra4 30.Kc2 Be5
31.h3 b4 32.Kb3 Ra5 33.a4 Rxd5 34.Kxb4  1/2-1/2

[Event "24th Open"]
[Site "Tetevan BUL"]
[Date "2009.08.16"]
[Round "2"]
[White "Shukin,E"]
[Black "Sofranov,V"]
[Result "1/2-1/2"]
[WhiteElo "2250"]
[BlackElo "1983"]

1.e4 c5 2.Nf3 Nc6 3.d4 cxd4 4.Nxd4 Qb6 5.Nb3 Nf6 6.Nc3 e6 7.Bd3 d6 8.O-O Be7
9.Kh1 O-O 10.f4 Re8 11.Qe1 Qc7 12.Qg3 a6 13.f5 Ne5 14.Bh6 Nfg4 15.Bd2 Qd8
16.h3 Nf6 17.fxe6 fxe6 18.Nd4 Nh5 19.Qh2 Qb6 20.Nb3 Bh4 21.Ne2 Qd8  1/2-1/2

[Event "24th Open"]
[Site "Tetevan BUL"]
[Date "2009.08.17"]
[Round "4"]
[White "Todorov,Mo"]
[Black "Savov,P"]
[Result "1-0"]
[WhiteElo "2229"]
[BlackElo "1969"]

1.e4 c5 2.Nf3 Nc6 3.d4 cxd4 4.Nxd4 Qb6 5.Nb5 a6 6.Be3 Qa5+ 7.N5c3 Nf6 8.Nd2 e6
9.Nc4 Qc7 10.Nb6 Rb8 11.a3 d6 12.Be2 Nd7 13.Nxc8 Rxc8 14.O-O Be7 15.f4 O-O
16.Qe1 Na5 17.Rd1 Nc4 18.Bxc4 Qxc4 19.Qg3 b5 20.Bd4 Bf6 21.e5 dxe5 22.fxe5 Be7
23.Ne4 Kh8 24.Nd6 Bxd6 25.exd6 f6 26.Rf2 e5 27.b3 Qe6 28.Bb2 Nc5 29.Qf3 Rfd8
30.Rfd2 e4 31.Qe3 Rc6 32.Bc3 Rdxd6 33.Bb4 Rxd2 34.Rxd2 Qc8 35.Bxc5 Rxc5 36.Qxe4 Re5
37.Qd4 h6 38.Qd8+ Re8 39.Qxc8 Rxc8 40.Rd6 Rxc2 41.Rxa6 Rb2 42.b4 Ra2 43.h3 Kg8
44.Ra5 Kf7 45.Kh2 Ke6 46.h4 Kd6 47.Rxb5 Rxa3 48.Rb7 g5 49.Rh7 Rb3 50.Rxh6 Ke5
51.hxg5 Rxb4 52.gxf6 Ke6 53.Kh3 Rf4 54.Kg3 Rf1 55.Kg4 Rf2 56.g3 Rf1 57.Kg5 Rf5+
58.Kg6 Rxf6+ 59.Kg7 Rxh6 60.Kxh6 Kf5 61.Kh5 Kf6 62.g4 Kg7 63.Kg5 Kh7 64.Kf6 Kh6
65.g5+ Kh7 66.Kf7 Kh8 67.Kg6  1-0

[Event "2nd Bolivar Open"]
[Site "Buenos Aires ARG"]
[Date "2009.08.27"]
[Round "4"]
[White "Butti,E"]
[Black "Bassan,R"]
[Result "0-1"]
[WhiteElo "2084"]
[BlackElo "2160"]

1.e4 c5 2.Nf3 Nc6 3.d4 cxd4 4.Nxd4 Qb6 5.Nf5 Nf6 6.Nc3 Nxe4 7.Nxe4 Qa5+ 8.Bd2 Qxf5
9.Bd3 Qe5 10.O-O d5 11.Ng5 h6 12.Qh5 g6 13.Bxg6 hxg5  0-1

[Event "IM"]
[Site "Dieppe FRA"]
[Date "2009.08.29"]
[Round "9"]
[White "Tirard,H"]
[Black "Mandon,F"]
[Result "1-0"]
[WhiteElo "2434"]
[BlackElo "2251"]

1.e4 c5 2.Nf3 Nc6 3.d4 cxd4 4.Nxd4 Qb6 5.Nb3 e6 6.Nc3 a6 7.Bf4 Bb4 8.a3 Bxc3+
9.bxc3 Nf6 10.Bd3 e5 11.Bg5 d6 12.O-O Be6 13.Rb1 Qc7 14.Bxf6 gxf6 15.f4 O-O-O
16.f5 Bxb3 17.cxb3 d5 18.Qh5 d4 19.c4 h6 20.b4 Nb8 21.c5 Rd7 22.a4 Qd8 23.Rfc1 Rc7
24.b5 Qe7 25.bxa6 bxa6 26.Qe2 Rc6 27.Rb6 Qc7 28.Bxa6+ Nxa6 29.Qxa6+ Kd7 30.Qb5  1-0

[Event "ch-RUS HL"]
[Site "Ulan Ude RUS"]
[Date "2009.09.02"]
[Round "1"]
[White "Kokarev,Dm"]
[Black "Gabrielian,A"]
[Result "1-0"]
[WhiteElo "2630"]
[BlackElo "2513"]

1.e4 c5 2.Nf3 Nc6 3.d4 cxd4 4.Nxd4 Qb6 5.Nb3 Nf6 6.Nc3 e6 7.Qe2 Bb4 8.Bd2 O-O
9.e5 Nd5 10.Nxd5 Bxd2+ 11.Qxd2 exd5 12.O-O-O Nxe5 13.Qxd5 Ng4 14.Bc4 d6 15.Rhe1 Ne5
16.Nd4 Bg4 17.Be2 Rfe8 18.f3 Be6 19.Qb5 Qc7 20.Nxe6 fxe6 21.f4 Rac8 22.c3 Nd7
23.f5 exf5 24.Bc4+ Kh8 25.Be6 Re7 26.Bxf5 Rf7 27.Qd3 Nc5 28.Qh3 Rxf5 29.Qxf5 h6
30.Qg6  1-0